00658 2200181 4500245005600000020002200056250001100078100002100089700001600110650001700126005001900143260004100162041001400203084001100217300002300228500021600251336000900467 aPetualangan Seperempat AbadcHaris FirmansyahhText a978-623-00-0391-2 aCet. 1 aHaris Firmansyah aDion Rahman aNovel Remaja a20230929093449 aJakartabElex Media Komputindoc2019 aIndonesia a808.83 a174 hlm. :c18 cm. aBagi orang-orang kebanyakan,usia dua puluh lima berarti sudah punya pekerjaan tetap dengan gaji lumayan.bisa ngopi siang-siang di Starbuck tanpa memikirkan besok makan sama apa meski punya cicilan mobil sama KPR atext